ბათუმის შოთა რუსთაველის სახელმწიფო უნივერსიტეტის ბიბლიოთეკა

საბაზრო ეკონომიკა : (ბიბ.ჩანაწერი № 64089)

000 -ლიდერი
ფიქსირებული სიგრძის საკონტროლო ველი 01062nam a22002297a 4500
003 - საკონტროლო ნომრის იდენტიფიკატორი
საკონტროლო ველი Ge_BSU
005 - ბოლო ოპერაციის თარიღი და დრო
საკონტროლო ველი 20260327125516.0
008 - ფიქსირებული სიგრძის მონაცემთა ელემენტები - ზოგადი ინფორმაცია
ფიქსირებული სიგრძის საკონტროლო ველი 260327s2002 ge ||||| |||| 00| 0 geo d
020 ## - წიგნის საერთაშორისო სტანდარტული ნომერი
International Standard Book Number 9992843462
041 ## - ენის კოდი
Language code of text/sound track or separate title geo
080 ## - უნივერსალური ათობითი კლასიფიკაციის ინდექსი
Universal Decimal Classification number 339.13 ც-60
100 ## - მთავარი ჩანაწერი - პიროვნების სახელი
Personal name ციკოლია, იური
9 (RLIN) 15724
245 ## - ცნობა სათაურის შესახებ
Title საბაზრო ეკონომიკა :
Remainder of title (ბიზნესი, მარკეტინგი, მენეჯმენტი, ეკონომიკა, ორგანიზაცია, მართვა) /
Statement of responsibility, etc იური ციკოლია; რედ. ი, სიხარულიძე.
264 ## - წარმოების, გამოცემის, დისტრიბუციის და სხვა ცნობები
გამოცემის, წარმოების, დისტრიბუციის... ადგილი ბათუმი :
გამოცემის, წარმოების, დისტრიბუციის... სახელწოდება ალიონი,
გამოცემის, წარმოების, დისტრიბუციის... თარიღი 2002.
300 ## - ფიზიკური აღწერა
Extent 44 გვ.;
Other physical details 20 სმ.
504 ## - BIBLIOGRAPHY, ETC. NOTE
Bibliography, etc ბიბლიოგრ. გვ. 41-42
653 ## - INDEX TERM--UNCONTROLLED
Uncontrolled term ბიზნესი
653 ## - INDEX TERM--UNCONTROLLED
Uncontrolled term მარკეტინგი
653 ## - INDEX TERM--UNCONTROLLED
Uncontrolled term ორგანიზაცია, მართვა
700 ## - ADDED ENTRY--PERSONAL NAME
Personal name სიხარულიძე, ი.
Relator term რედაქტორი
9 (RLIN) 27223
942 ## - ADDED ENTRY ELEMENTS (KOHA)
Source of classification or shelving scheme
Koha item type წიგნი
ეგზემპლარები
ჩამოწერის სტატუსი დაკარგული ეგზემპლარის სტატუსი კლასიფიკაციის წყარო ან თაროზე გაწყობის სქემა დაზიანების სტატუსი არ გაიცემა მუდმივი მდებარეობა (დაცვის ადგილი) ამჟამინდელი ადგილსამყოფელი თაროზე განთავსების ადგილი შეძენის თარიღი ღირებულება, შესყიდვის ნორმალური ფასი სრული შენახვის შიფრი შტრიხკოდი ბოლო ოპერაციის თარიღი ეგზემპლარის მიმდევრობითი ნომერი (კეტერი?) ფასის ძალაში შესვლის თარიღი ეგზემპლარის სახეობა საჯარო შენიშვნა
          ბათუმის შოთა რუსთაველის სახელმწიფო უნივერსიტეტის მთავარი ბიბლიოთეკა ბათუმის შოთა რუსთაველის სახელმწიფო უნივერსიტეტის მთავარი ბიბლიოთეკა წიგნსაცავი 2026-03-27 3.00 339.13 ც-60 74151 2026-03-27 74151 2026-03-27 წიგნი 3 ლ.